000 01016nam a2200265Ia 4500
003 OSt
005 20221005103634.0
006 a|||||r|||| 00| 0
007 ta
008 221004b |||||||| |||| 00| 0 hin d
020 _a9788183152600 (hbk)
_c1500
024 _a21813
037 _b407, 19/02/2015, Vidyanidhi Prakashan
_cTextual
040 _aCRL
_cCRL
_bhin
041 _2hin
_ahin
082 _aR3,(Q), 152Q4
100 _aशर्मा, अम्बिकादत्त, संपा0
_9623661
245 0 _aधर्म दर्शन के आयाम
246 _aDharma darshan ke āyāma
260 _aदिल्ली
_bअखिल भारतीय दर्शन साहित्य भारत
_c2014
300 _a548पृ0
_ccm.
650 _aभारतीय दर्शन
942 _hR3,(Q), 152Q4
_cTEXL
_2cc
999 _c1010477
_d1010477